QB's - Statistics

General Stats
  • This quiz has been taken 16 times
  • The average score is 15 of 16
Answer Stats
Hint Answer % Correct
CIN Joe Burrow
100%
KC Patrick Mahomes
100%
MIA Tua Tagovailoa
100%
NYJ Aaron Rodgers
92%
LV Aiden O'Connell
92%
IND Anthony Richardson
92%
DEN Bo Nix
92%
HOU CJ Stroud
92%
CLE Deshaun Watson
92%
NE Drake Maye
92%
BUF Josh Allen
92%
BAL Lamar Jackson
92%
PIT Russel Wilson
92%
JAC Trevor Lawrence
92%
LAC Justin Herbert
83%
TEN Will Levis
83%
No matching quizzes found
Score Distribution
Percent of People with Each Score
Percentile by Number Answered
Your Score History
You have not taken this quiz